| 000 | 00508 a2200193 4500 | ||
|---|---|---|---|
| 005 | 20260209164819.0 | ||
| 008 | 260209b |||||||| |||| 00| 0 eng d | ||
| 020 |
_a9789395975933 _cRs. 3200.00 |
||
| 040 | _aMAIN | ||
| 082 |
_a307.1 _bM474S |
||
| 100 | _aMeher, Diptimanjari, ed. | ||
| 245 | _aSocial problems in urbanization | ||
| 260 |
_bSarup Book Publishers _c2026 _aNew Delhi |
||
| 300 | _av, 371 | ||
| 650 | _aSociology | ||
| 650 | _aUrban Sociology | ||
| 650 | _aSocial Problems | ||
| 942 | _cBK | ||
| 999 |
_c395089 _d395089 |
||